[Event "Yogyakarta Istimewa op"]
[Site "Yogyakarta"]
[Date "2016.08.19"]
[Round "3"]
[White "Halay, Taufik"]
[Black "Hudany, M Miftahul"]
[Result "0-1"]
[WhiteElo "2318"]
[BlackElo "2318"]
[PlyCount "82"]
[EventDate "2016.08.18"]
[EventType "swiss"]
[EventRounds "9"]
[EventCountry "INA"]
[SourceTitle "EXT 2018"]
[Source "ChessBase"]
[SourceDate "2017.10.13"]
[SourceVersion "1"]
[SourceVersionDate "2017.10.13"]
[SourceQuality "1"]

1. Nf3 Nf6 2. c4 d5 3. cxd5 Nxd5 4. d4 g6 5. Nc3 Bg7 6. e4 Nxc3 7. bxc3 0-0 8. Be2 c5 9. 0-0 Qa5 10. Qb3 Nc6 11. Be3 cxd4 12. cxd4 Bg4 13. Rad1 Qb4 14. h3 Bxf3 15. Bxf3 Qxb3 16. axb3 e5 17. dxe5 Bxe5 18. Be2 Rfd8 19. Bc4 Bd4 20. Bg5 Rd7 21. Kh1 Kg7 22. f4 f6 23. Bh4 Rf8 24. Rd2 Rc7 25. Rfd1 Be3 26. Rd7+ Rxd7 27. Rxd7+ Kh6 28. f5 g5 29. Be1 Ne5 30. Rxb7 Nxc4 31. bxc4 Rd8 32. Bb4 g4 33. hxg4 Kg5 34. Rg7+ Kf4 35. Kh2 Rd1 36. Ba5 Bg1+ 37. Kh3 Bb6 38. Kh2 Bxa5 39. Rxa7 Bb6 40. Rxh7 Bg1+ 41. Kh3 Bf2 0-1